La actividad contractual y la responsabilidad en la administración pública : (Registro nro. 7196)
[ vista simple ]
| 000 -LEADER | |
|---|---|
| fixed length control field | 01683cam a2200253 i 4500 |
| 003 - CONTROL NUMBER IDENTIFIER | |
| control field | OCoLC |
| 005 - DATE AND TIME OF LATEST TRANSACTION | |
| control field | 20210216111624.0 |
| 008 - FIXED-LENGTH DATA ELEMENTS--GENERAL INFORMATION | |
| fixed length control field | 160615s2002 ck r 001 0 spa d |
| 020 ## - INTERNATIONAL STANDARD BOOK NUMBER | |
| International Standard Book Number | 9588087937 |
| 020 ## - INTERNATIONAL STANDARD BOOK NUMBER | |
| International Standard Book Number | 9789588087931 |
| 040 ## - CATALOGING SOURCE | |
| Original cataloging agency | DLC |
| Transcribing agency | CO-JMCR |
| 082 04 - DEWEY DECIMAL CLASSIFICATION NUMBER | |
| Classification number | 344.8861 / |
| Item number | M578a |
| Edition number | 23 |
| 100 1# - MAIN ENTRY--PERSONAL NAME | |
| Personal name | Mesa Nieves, Luis Eduardo, |
| Relator term | autor |
| 9 (RLIN) | 13504 |
| 245 13 - TITLE STATEMENT | |
| Title | La actividad contractual y la responsabilidad en la administración pública : |
| Remainder of title | elementos para determinar la responsabilidad del servidor público y los particulares, enfoque disciplinario fiscal y penal, nuevo sistema de vigilancia para la contratación estatal, SICE : legislación y jurisprudencia aplicables / |
| Statement of responsibility, etc. | Luis Eduardo Mesa Nieves |
| 250 ## - EDITION STATEMENT | |
| Edition statement | Primera edición. |
| 260 ## - PUBLICATION, DISTRIBUTION, ETC. | |
| Place of publication, distribution, etc. | Medellín, Colombia : |
| Name of publisher, distributor, etc. | Ediciones Jurídicas Gustavo Ibáñez, |
| Date of publication, distribution, etc. | 2002 |
| 300 ## - PHYSICAL DESCRIPTION | |
| Extent | 250 páginas ; |
| Dimensions | 24 cm. |
| 504 ## - BIBLIOGRAPHY, ETC. NOTE | |
| Bibliography, etc. note | Bibliográfica (páginas 241-244) e índice. |
| 505 0# - FORMATTED CONTENTS NOTE | |
| Formatted contents note | La responsabilidad en relación con el estado -- La responsabilidad del estado -- La responsabilidad del servidor público derivada de la actividad contractual -- La responsabilidad del servidor público derivada de la actividad contractual desde el punto de vista fiscal - responsabilidad fiscal de los particulares -- Sistema de información para vigilancia de la contratación estatal. SICE. la modernización tecnológica al servicio del control en la actividad contractual -- La responsabilidad penal derivada de la actividad contractual |
| 650 14 - SUBJECT ADDED ENTRY--TOPICAL TERM | |
| Topical term or geographic name entry element | Contratos públicos |
| General subdivision | Legislación |
| Geographic subdivision | Colombia |
| 9 (RLIN) | 13052 |
| 650 24 - SUBJECT ADDED ENTRY--TOPICAL TERM | |
| Topical term or geographic name entry element | Contratos públicos |
| Geographic subdivision | Colombia |
| 9 (RLIN) | 13505 |
| 650 24 - SUBJECT ADDED ENTRY--TOPICAL TERM | |
| Topical term or geographic name entry element | Responsabilidad administrativa |
| Geographic subdivision | Colombia |
| 9 (RLIN) | 13506 |
| 942 ## - ADDED ENTRY ELEMENTS (KOHA) | |
| Source of classification or shelving scheme | Dewey Decimal Classification |
| Koha item type | Books |
| Withdrawn status | Lost status | Source of classification or shelving scheme | Damaged status | Not for loan | Home library | Current library | Shelving location | Date acquired | Source of acquisition | Total Checkouts | Full call number | Barcode | Date last seen | Copy number | Price effective from | Koha item type |
|---|---|---|---|---|---|---|---|---|---|---|---|---|---|---|---|---|
| Dewey Decimal Classification | Biblioteca Pública José María del Castillo y Rada | Biblioteca Pública José María del Castillo y Rada | General Stacks | 10/02/2020 | Donación | 344.8861 / M578a | 201810381 | 05/16/2024 | Ej.1 | 10/02/2020 | Books |